<?xml version="1.0" encoding="UTF-8"?>
<record
    xmlns:xsi="http://www.w3.org/2001/XMLSchema-instance"
    xsi:schemaLocation="http://www.loc.gov/MARC21/slim http://www.loc.gov/standards/marcxml/schema/MARC21slim.xsd"
    xmlns="http://www.loc.gov/MARC21/slim">

  <leader>02523cpcaa2200397 a 4500</leader>
  <controlfield tag="001">mm 98084271 </controlfield>
  <controlfield tag="003">DLC</controlfield>
  <controlfield tag="005">20260227111727.0</controlfield>
  <controlfield tag="007">cr |||||||||||</controlfield>
  <controlfield tag="008">980825||||||||||||                 rus  </controlfield>
  <datafield tag="010" ind1=" " ind2=" ">
    <subfield code="a">mm 98084271 </subfield>
  </datafield>
  <datafield tag="040" ind1=" " ind2=" ">
    <subfield code="a">DLC</subfield>
    <subfield code="c">DLC</subfield>
    <subfield code="d">DLC</subfield>
    <subfield code="e">dacs</subfield>
  </datafield>
  <datafield tag="041" ind1=" " ind2=" ">
    <subfield code="a">rus</subfield>
    <subfield code="a">eng</subfield>
  </datafield>
  <datafield tag="072" ind1=" " ind2="7">
    <subfield code="a">R</subfield>
    <subfield code="2">lcmd</subfield>
  </datafield>
  <datafield tag="100" ind1="0" ind2=" ">
    <subfield code="a">Leonti&#x12D;,</subfield>
    <subfield code="c">Metropolitan of All America and Canada,</subfield>
    <subfield code="d">1876-1965.</subfield>
  </datafield>
  <datafield tag="245" ind1="0" ind2="0">
    <subfield code="a">Leonti&#x12D;, Metropolitan of All America and Canada, papers,</subfield>
    <subfield code="f">1855-1962</subfield>
    <subfield code="g">(bulk 1890-1960).</subfield>
  </datafield>
  <datafield tag="300" ind1=" " ind2=" ">
    <subfield code="a">140</subfield>
    <subfield code="f">items.</subfield>
  </datafield>
  <datafield tag="300" ind1=" " ind2=" ">
    <subfield code="a">15</subfield>
    <subfield code="f">containers plus</subfield>
    <subfield code="a">1</subfield>
    <subfield code="f">oversize.</subfield>
  </datafield>
  <datafield tag="300" ind1=" " ind2=" ">
    <subfield code="a">8</subfield>
    <subfield code="f">linear feet.</subfield>
  </datafield>
  <datafield tag="506" ind1="0" ind2=" ">
    <subfield code="a">Open to research.</subfield>
  </datafield>
  <datafield tag="520" ind1="8" ind2=" ">
    <subfield code="a">Chiefly bound volumes of diaries and correspondence records listing outgoing letters (1921-1960), documenting  Leonti&#x12D;'s role as an educator, editor of the Russian American Orthodox Messenger (Russko-amerikansk&#x12B;&#x12D; pravoslavny&#x12D; vi&#x361;estnik), advisor to Russian Orthodox bishops, and advocate of Russian American Orthodox autonomy.  Many of the entries in the correspondence records are annotated or have copies of the letters attached.  Poetry and financial notes also appear in the volumes.  Includes two notebooks kept by Leonti&#x12D; while representing the American diocese at the Great Sobor (All-Russian Orthodox Church Council of 1917) in Moscow where leaders worked to organize the church as an entity separate from the Soviet state.</subfield>
  </datafield>
  <datafield tag="545" ind1="0" ind2=" ">
    <subfield code="a">Metropolitan of All America and Canada of the Russian Orthodox Greek Catholic Church of America.  Secular name: Leonid Ieronimovich Turkevich.</subfield>
  </datafield>
  <datafield tag="546" ind1=" " ind2=" ">
    <subfield code="a">Collection material in Russian and Russian shorthand, with English.</subfield>
  </datafield>
  <datafield tag="555" ind1="8" ind2=" ">
    <subfield code="a">Finding aid available in the Library of Congress Manuscript Reading Room and at</subfield>
    <subfield code="u">http://hdl.loc.gov/loc.mss/eadmss.ms009297</subfield>
  </datafield>
  <datafield tag="610" ind1="2" ind2="0">
    <subfield code="a">Russkai&#x361;a pravoslavnai&#x361;a t&#x361;serkov&#x2B9;.</subfield>
  </datafield>
  <datafield tag="610" ind1="2" ind2="0">
    <subfield code="a">Russian Orthodox Greek Catholic Church of America.</subfield>
  </datafield>
  <datafield tag="610" ind1="2" ind2="0">
    <subfield code="a">Russkai&#x361;a pravoslavnai&#x361;a t&#x361;serkov&#x2B9;.</subfield>
    <subfield code="b">Pomestny&#x12D; sobor.</subfield>
  </datafield>
  <datafield tag="630" ind1="0" ind2="0">
    <subfield code="a">Russko-amerikansk&#x12B;&#x12D; pravoslavny&#x12D; vi&#x361;estnik.</subfield>
  </datafield>
  <datafield tag="650" ind1=" " ind2="0">
    <subfield code="a">Orthodox Eastern press</subfield>
    <subfield code="z">United States.</subfield>
  </datafield>
  <datafield tag="651" ind1=" " ind2="0">
    <subfield code="a">Soviet Union</subfield>
    <subfield code="x">History</subfield>
    <subfield code="y">Revolution, 1917-1921.</subfield>
  </datafield>
  <datafield tag="656" ind1=" " ind2="7">
    <subfield code="a">Clergy.</subfield>
    <subfield code="2">itoamc</subfield>
  </datafield>
  <datafield tag="856" ind1="4" ind2=" ">
    <subfield code="3">Finding aid</subfield>
    <subfield code="u">http://hdl.loc.gov/loc.mss/eadmss.ms009297</subfield>
  </datafield>
  <datafield tag="856" ind1="4" ind2=" ">
    <subfield code="3">Finding aid (PDF)</subfield>
    <subfield code="u">http://hdl.loc.gov/loc.mss/eadmss.ms009297.3</subfield>
  </datafield>
  <datafield tag="999" ind1=" " ind2=" ">
    <subfield code="c">44490</subfield>
    <subfield code="d">44490</subfield>
  </datafield>
</record>
